Sondatges de l'atmosfera lliure a Barcelona, amb globus pilots, durant l'any 1929 / per Gabriel Campo
Descripción Física:
60 p. ; 23 cm
Colección:
Notes d'estudi ; 44
Otros Autores:
Servei Meteorològic de Catalunya
MARC
| LEADER | 00000nam a2200000Ia 4500 | ||
|---|---|---|---|
| 001 | 8186 | ||
| 008 | 160829s1930 xx 000 0 cat d | ||
| 710 | 1 | |a Barcelona (Catalunya : Província). |b Diputació |9 52408 | |
| 952 | |0 0 |1 0 |4 0 |6 C2146 |7 1 |9 41472 |a Arxiu |b Arxiu |d 2016-12-01 |l 0 |o C-2-146 |p 8186 |r 2016-12-01 00:00:00 |w 2016-12-01 |y ARXIU | ||
| 999 | |c 43280 |d 43280 | ||
| 080 | |a C-2-146 | ||
| 100 | |a Campo, Gabriel |9 20168 | ||
| 245 | |a Sondatges de l'atmosfera lliure a Barcelona, amb globus pilots, durant l'any 1929 / per Gabriel Campo | ||
| 260 | |a Barcelona : |b Diputació, Servei Meteorològic de Catalunya, |c 1930 | ||
| 300 | |a 60 p. ; |c 23 cm | ||
| 490 | |a Notes d'estudi ; 44 | ||
| 650 | |a Meteorologia |x Barcelona |x Observacions |9 20169 | ||
| 700 | |a Servei Meteorològic de Catalunya |9 35488 | ||
| 901 | |a Arxiu | ||
| 942 | |n 1 |2 udc | ||